书目信息 |
| 题名: |
梁启超
|
|
| 作者: | 孟祥才 著 | |
| 分册: | ||
| 出版信息: | 北京 团结出版社 2013 |
|
| 页数: | 186页 | |
| 开本: | 23cm | |
| 丛书名: | 辛亥著名人物传记丛书 | |
| 单 册: | ||
| 中图分类: | B259.15 | |
| 科图分类: | ||
| 主题词: | ||
| 电子资源: | ||
| ISBN: | 978-7-5126-0355-4 | |
| 000 | 00830oam2 2200265 450 | |
| 001 | 338038 | |
| 005 | 20150529080248.35 | |
| 010 | @a978-7-5126-0355-4@dCNY26.00 | |
| 100 | @a20120317d2011 em y0chiy50 ea | |
| 101 | 0 | @achi |
| 102 | @aCN@b110000 | |
| 105 | @ay z 000yy | |
| 106 | @ar | |
| 200 | 1 | @a梁启超@Aliang qi chao@f孟祥才著 |
| 210 | @a北京@c团结出版社@d2013 | |
| 215 | @a186页@c照片@d23cm | |
| 225 | 2 | @a辛亥著名人物传记丛书 |
| 300 | @a国家出版基金项目 | |
| 330 | @a本书详尽描写梁启超的一生, 在推进近代中国的政治、经济, 尤其是社会和思想文化向现代化转型的艰难而曲折的征途上, 所建树的历史功勋。 | |
| 410 | 0 | @12001 @a辛亥著名人物传记丛书 |
| 600 | 0 | @a梁启超@f(1873-1929)@x传记 |
| 690 | @aB259.15@v5 | |
| 701 | 0 | @a孟祥才@Ameng xiang cai@4著 |
| 801 | 0 | @aCN@b卓展宏图@c20150525 |
| 905 | @dB259.15@e59@f3 | |
| 梁启超/孟祥才著.-北京:团结出版社,2013 |
| 186页:照片;23cm.-(辛亥著名人物传记丛书) |
| 国家出版基金项目 |
| ISBN 978-7-5126-0355-4:CNY26.00 |
| 本书详尽描写梁启超的一生, 在推进近代中国的政治、经济, 尤其是社会和思想文化向现代化转型的艰难而曲折的征途上, 所建树的历史功勋。 |
| ● |
| 相关链接 |
|
|
|
|
正题名:梁启超
索取号:B259.15/59
 
预约/预借
| 序号 | 登录号 | 条形码 | 馆藏地/架位号 | 状态 | 备注 |
| 1 | 857170 | 208571703 | 第一样本阅览室/ [索取号:B259.15/59] | 在馆 | |
| 2 | 857171 | 208571712 | 第一借阅区/ [索取号:B259.15/59] | 在馆 | |
| 3 | 857172 | 208571721 | 第一借阅区/ [索取号:B259.15/59] | 在馆 |